000
00244nam a2200097Ia 4500
008
190216s9999||||xx |||||||||||||| ||und||
100
_a
Courant R & Robins H
245
0
_a
What Is Mathematics
260
_b
Oxford University Press
942
_c
BK
999
_c
30406
_d
30406